Cours de droit naturel (Record no. 156446)
[ view plain ]
| 000 -LEADER | |
|---|---|
| campo de control de longitud fija | 00705nam a22001935i 4500 |
| 001 - NÚMERO DE CONTROL | |
| campo de control | 156446 |
| 003 - IDENTIFICADOR DE NÚMERO DE CONTROL | |
| campo de control | ES-MaACL |
| 005 - FECHA Y HORA DE LA ÚLTIMA TRANSACCIÓN | |
| campo de control | 20250930063134.0 |
| 008 - DATOS DE LONGITUD FIJA--INFORMACIÓN GENERAL | |
| campo de control de longitud fija | 990701s1866 fr |||| | fre d |
| 040 ## - FUENTE DE CATALOGACIÓN | |
| Centro catalogador/agencia de origen | GA |
| Lengua de catalogación | spa |
| Centro/agencia transcriptor | CCPB | 3D |
| 100 ## - ENTRADA PRINCIPAL--NOMBRE DE PERSONA | |
| Nombre de persona | Jouffroy, Théodore, |
| Fechas asociadas al nombre | 1796-1842 |
| 9 (RLIN) | 222573 |
| 245 10 - MENCIÓN DEL TÍTULO | |
| Título | Cours de droit naturel |
| Resto del título | : professé à la faculté des lettres de París / |
| Mención de responsabilidad, etc. | par Th. Jouffroy. |
| 250 ## - MENCION DE EDICION | |
| Mención de edición | 4ème. éd. |
| 260 ## - PUBLICACIÓN, DISTRIBUCIÓN, ETC. | |
| Lugar de publicación, distribución, etc. | Paris : |
| Nombre del editor, distribuidor, etc. | L. Hachette et Cie., |
| Fecha de publicación, distribución, etc. | 1866 ( |
| Fabricante | Imprimerie générale de Ch. Lahure) |
| 300 ## - DESCRIPCIÓN FÍSICA | |
| Extensión | 2 v. (XI, 427 ; 417 p.) ; |
| Dimensiones | 18 cm. |
| 650 07 - PUNTO DE ACCESO ADICIONAL DE MATERIA--TÉRMINO DE MATERIA | |
| Término de materia o nombre geográfico como elemento de entrada | Derecho natural |
| Fuente del encabezamiento o término | embne |
| 9 (RLIN) | 11744 |
| 852 ## - LOCALIZACIÓN | |
| Ubicación | ES-MaACL |
| Número de control de estantería | C-3496-97 |
| Nota libre | -- Enc. pasta española |
| Estatus retirado | Estado de pérdida | Estado de daño | No para préstamo | Colección | Biblioteca de origen | Biblioteca actual | Ubicación en estantería | Fecha de adquisición | Total de préstamos | Signatura topográfica completa | Código de barras | Visto por última vez | Precio de reemplazo | Tipo de ítem Koha |
|---|---|---|---|---|---|---|---|---|---|---|---|---|---|---|
| Libros del s. XIX | Biblioteca del Ateneo de Madrid | Biblioteca del Ateneo de Madrid | Depósito 2 | 17/01/2008 | C-3496-97 | 1163677 | 23/02/2023 | 23/02/2023 | Libro impreso antiguo |
